| 000 | 00929pam a2200277 a 4500 | ||
|---|---|---|---|
| 001 | 1598734 | ||
| 003 | OSt | ||
| 005 | 20231018083912.0 | ||
| 008 | 941006s1995 paua b 001 0 eng c | ||
| 010 | _a 94040504 | ||
| 020 | _a0397551002 (pbk. : acid-free paper) | ||
| 040 |
_aDNLM/DLC _cDLC _dDLC |
||
| 050 | 0 | 0 |
_aRB113 _b.P357 1995 |
| 060 | 0 | 0 | _aQZ 18 P2974 1995 |
| 082 | 0 | 0 |
_aQZ 18 P273l 1995 _220 |
| 100 |
_aEdited by Catherine, Paradiso. _916778 |
||
| 245 | 0 | 0 | _aPathophysiology |
| 260 |
_aPhiladelphia : _bJ.B. Lippincott, _cc1995. |
||
| 300 |
_axiv, 416 p. : _bill. ; _c24 cm. |
||
| 440 | 0 |
_aLippincott's review series _91829 |
|
| 504 | _aIncludes bibliographical references and index. | ||
| 650 | 0 |
_aMCQS Pathophysiology _91830 |
|
| 906 |
_a7 _bcbc _corignew _d1 _eocip _f19 _gy-gencatlg |
||
| 942 |
_2z _cSLOAN |
||
| 999 |
_c695 _d695 |
||